English collocations in use : advanced : (Record no. 562)

MARC details
000 -LEADER
fixed length control field 00852nam a22002417a 4500
005 - DATE AND TIME OF LATEST TRANSACTION
control field 20250420134816.0
008 - FIXED-LENGTH DATA ELEMENTS--GENERAL INFORMATION
fixed length control field 200809b ||||| |||| 00| 0 eng d
020 ## - INTERNATIONAL STANDARD BOOK NUMBER
International Standard Book Number 9781316629956
040 ## - CATALOGING SOURCE
Original cataloging agency KCST
Transcribing agency KCST
082 ## - DEWEY DECIMAL CLASSIFICATION NUMBER
Classification number 428.24
Item number Od En
100 ## - MAIN ENTRY--PERSONAL NAME
Personal name O'Dell, Felicity
9 (RLIN) 4924
245 ## - TITLE STATEMENT
Title English collocations in use : advanced :
Remainder of title how words work together for fluent and natural English, self-study and classroom use /
Statement of responsibility, etc. Felicity O'Dell; Michael McCarthy
250 ## - EDITION STATEMENT
Edition statement 2nd edition
260 ## - PUBLICATION, DISTRIBUTION, ETC.
Place of publication, distribution, etc. Camridge:
Name of publisher, distributor, etc. Cambridge University Press;
Date of publication, distribution, etc. 2017.
300 ## - PHYSICAL DESCRIPTION
Extent 186 p.
650 ## - SUBJECT ADDED ENTRY--TOPICAL TERM
Topical term or geographic name entry element Collocation (Linguistics)
9 (RLIN) 4925
650 ## - SUBJECT ADDED ENTRY--TOPICAL TERM
Topical term or geographic name entry element English language
Form subdivision Problems, exercises, etc.
9 (RLIN) 4926
650 ## - SUBJECT ADDED ENTRY--TOPICAL TERM
Topical term or geographic name entry element English language
Form subdivision Textbooks for foreign speakers.
9 (RLIN) 4734
655 ## - INDEX TERM--GENRE/FORM
Genre/form data or focus term Textbooks.
9 (RLIN) 4759
700 ## - ADDED ENTRY--PERSONAL NAME
Personal name McCarthy, Michael
9 (RLIN) 4927
942 ## - ADDED ENTRY ELEMENTS (KOHA)
Koha item type Book
942 ## - ADDED ENTRY ELEMENTS (KOHA)
Source of classification or shelving scheme Dewey Decimal Classification
Holdings
Withdrawn status Lost status Source of classification or shelving scheme Damaged status Not for loan Home library Current library Date acquired Cost, normal purchase price Total checkouts Full call number Barcode Date last seen Price effective from Koha item type
    Dewey Decimal Classification     KCST Library KCST Library 09/08/2020 7.32   428.24 Od En 1000000629 09/08/2020 09/08/2020 Book
© 2025 KCST. All rights reserved